Yugoslavia - Map Quiz - Statistics

General Stats
  • This quiz has been taken 262 times
  • The average score is 6 of 7
Answers on the Map
Answers color-coded by a green-red scale on the quiz's map according to % correct below.
 
Answer Stats
Answer % Correct
Croatia
95%
Bosnia and Herzegovina
91%
Serbia
90%
Kosovo
89%
Slovenia
89%
Montenegro
88%
North Macedonia
86%
No matching quizzes found
Score Distribution
Percent of People with Each Score
Percentile by Number Answered
Your Score History
You have not taken this quiz